| 000 | 00342nam a2200133Ia 4500 | ||
|---|---|---|---|
| 008 | 240624s9999 xx 000 0 und d | ||
| 041 | _aeng | ||
| 082 | _a954 BHA | ||
| 100 | _aBHATTACHARJI ROMESH | ||
| 245 | _aLANDS OF EARLY DAWN NORTH EAST OF INDIA | ||
| 260 |
_c2002 _aNew Delhi _bRupa and Company |
||
| 300 | _a372 : p. | ||
| 365 |
_cRS _b25 |
||
| 999 |
_c17824 _d17824 |
||